UK's 10,000 largest companies.

Bibliographic Details
Previous Title:UK's 7,500 largest companies (OCoLC)13769234
Format: Serial
Language:English
Published: London : Oslo : ELC International ; AS. Økonomisk Literatur, [1987-]
Subjects:

MARC

Tag First Indicator Second Indicator Subfields
LEADER 00000cas a2200000 a 4500
001 in00000012493
005 20151007051835.0
008 880203c19889999enkar |||| 0uuua0eng d
035 |a (OCoLC)17425682 
035 |9 AAA5057AM 
040 |a NPL  |c NPL  |d UtOrBLW 
043 |a e-uk--- 
049 |a [Ref] TXAE 
050 4 |a HD2709  |b .U4 
245 0 0 |a UK's 10,000 largest companies. 
246 1 0 |a U.K.'s 10,000 largest companies 
246 1 0 |a UK's ten thousand largest companies 
246 1 0 |a United Kingdom's 10,000 largest companies 
246 1 0 |a United Kingdom's ten thousand largest companies 
264 1 |a London :  |b ELC International ;  |a Oslo :  |b AS. Økonomisk Literatur,  |c [1987-] 
264 4 |c ©1987- 
300 |a volumes :  |b illustrations ;  |c 30 cm. 
336 |a text  |b txt  |2 rdacontent 
337 |a unmediated  |b n  |2 rdamedia 
338 |a volume  |b nc  |2 rdacarrier 
362 0 |a 1988- 
650 0 |a Big business  |z Great Britain  |x Statistics  |x Periodicals. 
650 0 |a Corporations  |z Great Britain  |x Statistics  |x Periodicals. 
780 0 0 |t UK's 7,500 largest companies (OCoLC)13769234 
999 |a MARS 
999 f f |s 5a244399-c031-39fa-864c-e521de566b68  |i 797d87bb-b4b0-33ac-b613-75c924181840  |t 0 
952 f f |p ric  |a Texas A&M University  |b Rellis Campus  |c Joint Library Facility  |d Remote Storage  |t 0  |e HD2709 .U4  |h Library of Congress classification  |i unmediated -- volume  |l 1988  |m A14811323866 
998 f f |a HD2709 .U4  |s 1988   |t 0  |l Remote Storage